000 00619nam a2200265Ia 4500
005 20260306163952.0
008 008 260114s9999 xx 000 0 eng d
020 _a9781474476478
037 _aEBOOK
040 _aCRL
040 _beng
040 _cCRL
041 _2eng
041 _aeng
084 _qCRL
100 _aBaxter
245 0 _aImagined States: Law And Literature In Nigeria, 1900-66
260 _bEdinburgh University Press
260 _c2020
650 _aLaw
856 _uhttps://academic.oup.com/book/33940
942 _cEBOOK
999 _c1712222
_d1712222